[Event "16th Asian Continental w"]
[Site "Chengdu CHN"]
[Date "2017.05.12"]
[Round "1.3"]
[White "Munguntuul,B"]
[Black "Li Xueyi"]
[Result "1-0"]
[WhiteElo "2431"]
[BlackElo "2161"]

1.e4 c6 2.d4 d5 3.e5 c5 4.dxc5 e6 5.Be3 Nd7 6.Bb5 Ne7 7.Nf3 Nc6 8.c4 dxc4
9.O-O Qa5 10.Nc3 Be7 11.Bxc6 bxc6 12.Ne4 O-O 13.Qd4 f5 14.Nd6 Ba6 15.Nxf5 exf5
16.Qxd7 Bxc5 17.Ng5 Bxe3 18.Qe6+ Kh8 19.fxe3 Qd5 20.Rxf5 Rfe8 21.Qd6 c3
22.bxc3 Bd3 23.Rf4 Bg6 24.Raf1 Kg8 25.c4 Qd3 26.Qc5 h6 27.Nf7 Bxf7 28.Rxf7 Qg6
29.Rc7 Rf8 30.Re1 Rab8 31.Rxc6 Qc2 32.e4 Rb2 33.Rg6 Rf2 34.Qc8+ Kh7 35.Qg4 Rf7
36.Qg3 Qxc4 37.Rd6 Qc5+ 38.Kh1 Qf2 39.Qg6+ Kg8 40.Rd8+ Rf8 41.Red1 Rd2
42.Rxf8+ Qxf8 43.Qg4 Qf4 44.Qc8+ Kh7 45.Qc1 Rxd1+ 46.Qxd1 Qxe4 47.Qa1 Kg6
48.h3 a5 49.a3 a4 50.Qc3 h5 51.Qg3+ Kh7 52.h4 Qb1+ 53.Kh2 Qb3 54.Qf3 Kg6
55.Kg3 Qb1 56.Qe3 Kf7 57.Qa7+ Kg6 58.Qxa4 Qe1+ 59.Kf3 Qf1+ 60.Ke3 Qe1+ 61.Kd3
Qf1+ 62.Kc3 Qe1+ 63.Kc4 Qe2+ 64.Kd5 Qa2+ 65.Kd6 Qd2+ 66.Ke7 Qxg2 67.Qa6+ Kh7
68.Qd3+ g6 69.a4 Qg4 70.Qd7 Kh6 71.Qd2+ Kh7 72.Qd7 Kh6 73.a5 Qxh4+ 74.Kf8 Qb4+
75.Kg8 Qb8+ 76.Kf7 Qxe5 77.a6 Qf4+ 78.Ke7 Qg5+ 79.Kd6 Qf4+ 80.Kc5 Qe3+ 81.Kc6
Qf3+ 82.Kc7 Qc3+ 83.Qc6 Qe5+ {#r} 1-0

[Event "German Club Cup Final"]
[Site "Dresden GER"]
[Date "2017.05.13"]
[Round "1.1"]
[White "Kopylov,M"]
[Black "Boguslavskyy,O"]
[Result "1-0"]
[WhiteElo "2433"]
[BlackElo "2416"]

1.d4 Nf6 2.c4 e6 3.g3 Bb4+ 4.Nd2 c5 5.a3 Bxd2+ 6.Qxd2 cxd4 7.Nf3 O-O 8.Bg2 Nc6
9.Nxd4 d5 10.cxd5 exd5 11.O-O Re8 12.Re1 Bg4 13.Nxc6 bxc6 14.Qc2 Qb6 15.b4 Re6
16.Bb2 Rae8 17.e3 h6 18.Rec1 Qa6 19.a4 Be2 20.b5 {#r} 1-0

[Event "11th Agzamov Mem 2017"]
[Site "Tashkent UZB"]
[Date "2017.05.09"]
[Round "8.5"]
[White "Papin,V"]
[Black "Nigmatov,Ortik"]
[Result "1-0"]
[WhiteElo "2433"]
[BlackElo "2331"]

1.d4 Nf6 2.c4 g6 3.Nc3 Bg7 4.e4 d6 5.f3 O-O 6.Be3 Nc6 7.Nge2 a6 8.Nc1 e5 9.d5
Nd4 10.Nb3 Nxb3 11.Qxb3 Nh5 12.O-O-O b6 13.Kb1 f5 14.exf5 gxf5 15.Bd3 Nf4
16.Bxf4 exf4 17.Ne2 Be5 18.g3 b5 19.cxb5 axb5 20.gxf4 Bf6 21.Ng3 Qe8 22.Bxf5
Bxf5+ 23.Nxf5 Ra4 24.Rhg1+ Kh8 25.Rg4 Rg8 26.Rxg8+ Qxg8 27.Ng3 Rxf4 28.Qxb5
Rxf3 29.Qe2 Qg6+ 30.Qc2 Qf7 31.Ne4 Bh4 32.a4 Re3 33.a5 Qf4 34.Nc3 Re8 35.a6
Qb4 36.Na2 Qb6 37.Qc6 Rb8 38.Qxb6 Rxb6 39.Rd4 Bf6 40.Ra4 Rxb2+ 41.Kc1 Rb8
42.Nb4 Bg5+ 43.Kc2 Be3 44.Nc6 Ra8 45.a7 Kg7 46.Kd3 Bb6 47.Kc4 Kf6 48.Kb5 Kf5
49.Ka6 Bxa7 50.Kb7 Re8 51.Nxa7 Re2 52.Kxc7 Ke5 53.Ra5 Rxh2 54.Nc6+ Kf6 55.Kxd6
{#r} 1-0

[Event "Asian Juniors 2017"]
[Site "Shiraz IRI"]
[Date "2017.05.09"]
[Round "8.5"]
[White "Mousavi,Se"]
[Black "Khodashenas,M"]
[Result "0-1"]
[WhiteElo "2435"]
[BlackElo "2410"]

1.d4 Nf6 2.Nf3 e6 3.Bf4 c5 4.e3 Qb6 5.Qc1 Nc6 6.c3 Nh5 7.Bg5 h6 8.Bh4 g5 9.Bg3
Nxg3 10.hxg3 Bg7 11.Nbd2 d5 12.Bd3 Bd7 13.a4 Rc8 14.Qb1 f5 15.Bb5 g4 16.Nh4
Ne7 17.Bxd7+ Kxd7 18.Qa2 Ke8 19.a5 Qa6 20.Nb3 c4 21.Nc5 Qc6 22.Qa4 Kf7 23.Qxc6
bxc6 24.Kd2 Rb8 25.Kc2 Bf6 26.Rhb1 Nc8 27.b3 Nd6 28.bxc4 Nxc4 29.Kd3 Nb2+
30.Kc2 Nc4 31.Kd3 Rb2 32.Rxb2 Nxb2+ 33.Ke2 Rb8 34.a6 Rb5 35.Rb1 Be7 36.Nd7 Bd6
37.f4 Na4 38.Rc1 Rb2+ 39.Kf1 Nb6 40.Nxb6 Rxb6 41.Ra1 Rb3 42.Ke2 c5 43.Kd3 Rb2
44.dxc5 Bxc5 45.Ra4 Kf6 46.c4 Bb4 {#R} 0-1

[Event "German Club Cup Final"]
[Site "Dresden GER"]
[Date "2017.05.13"]
[Round "1.2"]
[White "Neef,M"]
[Black "Meier,Geo"]
[Result "0-1"]
[WhiteElo "2436"]
[BlackElo "2630"]

1.Nf3 d5 2.g3 Bg4 3.Bg2 e6 4.c4 c6 5.cxd5 exd5 6.O-O Nf6 7.d3 Nbd7 8.Nc3 Be7
9.e4 dxe4 10.dxe4 Nc5 11.h3 Be6 12.e5 Qxd1 13.Rxd1 Nd5 14.Nxd5 Bxd5 15.Be3
O-O-O 16.Nd4 g6 17.b3 Rd7 18.Bf1 Rhd8 19.Rdc1 Rc7 20.h4 Kb8 21.Rc3 Ne6 22.Nxe6
Bxe6 23.Rd3 Rxd3 24.Bxd3 Ba3 25.Re1 Rd7 26.Be2 h5 27.f4 b5 28.Kf2 Kc8 29.Bc1
Bb4 30.Rd1 Bf5 31.a4 a6 32.axb5 cxb5 33.Rxd7 Kxd7 34.Bd1 a5 35.Be3 Bc3 36.Bb6
Kc6 37.Ba7 Kd5 38.Bf3+ Be4 39.Bd1 Bd4+ 40.Bxd4 Kxd4 {#R} 0-1

[Event "ch-ISL 2017"]
[Site "Hafnarfjordur ISL"]
[Date "2017.05.11"]
[Round "2.4"]
[White "Kjartansson,G"]
[Black "Stefansson,Vignir Vatnar"]
[Result "1-0"]
[WhiteElo "2437"]
[BlackElo "2334"]

1.Nf3 Nf6 2.c4 e6 3.Nc3 d5 4.d4 Be7 5.Bf4 c6 6.e3 Nbd7 7.h3 Ne4 8.Bd3 Nxc3
9.bxc3 Nb6 10.c5 Nd7 11.Qa4 f6 12.Qc2 Nf8 13.O-O Kf7 14.h4 b6 15.cxb6 axb6
16.e4 c5 17.exd5 exd5 18.c4 Ne6 19.Bg3 Bb7 20.Rfe1 Nxd4 21.Nxd4 cxd4 22.cxd5
Rc8 23.Qb1 g6 24.h5 Rg8 25.hxg6+ hxg6 26.Rxe7+ Qxe7 27.d6 Qd8 28.Qb4 Bd5
29.Qxd4 Rc5 30.a4 Qc8 31.Rd1 Qe6 32.f3 Re8 33.Bb5 Bc6 34.Qxc5 bxc5 35.Bxc6
Qe3+ 36.Bf2 Qc3 37.Bxe8+ Kxe8 38.d7+ Kd8 39.Be1 Qe3+ 40.Kf1 {#r} 1-0

[Event "TCh-BLR 2017"]
[Site "Minsk BLR"]
[Date "2017.05.13"]
[Round "6.2"]
[White "Kazakovskiy,Valeriy"]
[Black "Khrapko,Marharyta"]
[Result "1-0"]
[WhiteElo "2443"]
[BlackElo "2050"]

1.d4 Nf6 2.Nf3 d6 3.c4 Nbd7 4.Nc3 e5 5.Bg5 Be7 6.e3 c6 7.Qc2 Qc7 8.O-O-O O-O
9.g4 Re8 10.Bxf6 Bxf6 11.g5 Be7 12.h4 Nf8 13.dxe5 dxe5 14.Be2 Bg4 15.Rdg1 Bh5
16.Ne4 Red8 17.Ng3 Bxf3 18.Bxf3 Qa5 19.a3 Rab8 20.Rd1 b5 21.Nf5 Bc5 22.Rxd8
Rxd8 23.cxb5 Qxb5 24.Bxc6 Qa5 25.Rd1 Rc8 26.Kb1 Rxc6 27.Ne7+ Bxe7 28.Qxc6 Qc5
29.Qxc5 Bxc5 30.Rd5 Ne6 31.b4 Bb6 32.Rxe5 Kf8 33.Kc2 Ke7 34.a4 f6 35.gxf6+
Kxf6 36.Rd5 Ke7 37.Kd3 Bd8 38.f4 g6 39.h5 Bc7 40.hxg6 hxg6 41.Kc4 Bb6 42.Rd3
a6 43.Ra3 Kd6 44.a5 Ba7 45.b5 axb5+ 46.Kxb5 Nc7+ 47.Kc4 Kc6 48.e4 Ne6 49.f5
gxf5 50.exf5 Nd8 51.Rg3 Bb8 52.Rg6+ Kd7 53.Kd5 Ke8 54.Rg8+ Kd7 55.Rg7+ Ke8
56.a6 Nf7 57.Rg8+ {#r} 1-0

[Event "Lviv Rapid Cup 2017"]
[Site "Lviv UKR"]
[Date "2017.05.09"]
[Round "10.8"]
[White "Mirzoev,E"]
[Black "Oleksiyenko,Mykhaylo"]
[Result "0-1"]
[WhiteElo "2443"]
[BlackElo "2636"]

1.d4 d5 2.c4 e6 3.Nc3 Be7 4.cxd5 exd5 5.g3 Nf6 6.Bg2 O-O 7.e3 c6 8.Nge2 a5
9.O-O Na6 10.Qc2 Re8 11.a3 Bf8 12.Bd2 Nc7 13.Rad1 Ne6 14.Bc1 Ng5 15.f3 h6
16.e4 dxe4 17.fxe4 c5 18.e5 Ng4 19.h3 cxd4 20.hxg4 Bxg4 21.Bxg5 Qxg5 22.Nb5
Rxe5 23.Nbxd4 Bc5 24.Bf3 Bh3 25.Rf2 Rd8 26.Kh2 Qe3 27.Ng1 Bd7 28.Re2 Qg5
29.Rxe5 Qxe5 30.Nde2 Bd6 31.Qe4 Qf6 32.Qxb7 Bc8 33.Qc6 Qe7 34.Kg2 Bd7 35.Qe4
Qf6 36.Qd4 Be5 37.Qc4 Bh3+ 38.Nxh3 Rxd1 39.b4 axb4 40.axb4 Rd2 41.b5 Rb2
42.Nf4 Bxf4 43.gxf4 g6 44.Bc6 h5 45.Kf3 Qf5 46.Ke3 h4 47.Qd4 Qe6+ 48.Kf3 Qxe2#
0-1

[Event "TCh-BLR 2017"]
[Site "Minsk BLR"]
[Date "2017.05.09"]
[Round "2.2"]
[White "Kazakovskiy,Valeriy"]
[Black "Smirnov,Va"]
[Result "1-0"]
[WhiteElo "2443"]
[BlackElo "2297"]

1.d4 Nf6 2.Nf3 e6 3.c4 b6 4.g3 Ba6 5.Qb3 Nc6 6.Nbd2 Na5 7.Qc3 c5 8.dxc5 bxc5
9.e4 d6 10.a3 Nc6 11.b4 Bb7 12.b5 Nd4 13.Nxd4 cxd4 14.Qxd4 g6 15.Bg2 Bg7
16.Rb1 O-O 17.Qd3 Rc8 18.O-O d5 19.exd5 exd5 20.Bb2 Rc7 21.Be5 Re7 22.Bxf6
Bxf6 23.cxd5 Rd7 24.Nc4 Bxd5 25.Bxd5 Rxd5 26.Qf3 Rd3 27.Qb7 Qd4 28.Ne3 Rd8
29.Rbd1 Qa4 30.Rxd3 Rxd3 31.Qa8+ Rd8 32.Qc6 Bb2 33.Nc4 Bxa3 34.Qc7 Rd1 35.Qc6
Rxf1+ 36.Kxf1 Bf8 37.Qd5 Qb3 38.Kg2 h5 39.h3 Bg7 40.Qa8+ Kh7 41.Qd5 Kg8 42.g4
hxg4 43.hxg4 Bf6 44.Qa8+ Kg7 45.Nd6 Be5 46.Ne8+ Kh6 47.Qxa7 Qd5+ 48.f3 Qxb5
49.Qe3+ g5 50.f4 gxf4 51.Qh3+ {#r} 1-0

[Event "Nakhchivan Open 2017"]
[Site "Nakhchivan AZE"]
[Date "2017.05.11"]
[Round "9.3"]
[White "Iskandarov,M"]
[Black "Khamrakulov,D"]
[Result "1-0"]
[WhiteElo "2444"]
[BlackElo "2476"]

1.e4 c6 2.Nc3 d5 3.Nf3 Bg4 4.h3 Bxf3 5.Qxf3 e6 6.d4 Nf6 7.Bd3 dxe4 8.Nxe4 Qxd4
9.O-O Nbd7 10.Be3 Qd5 11.Rfd1 Qa5 12.Bf4 Nxe4 13.Bxe4 Rc8 14.a3 Nf6 15.b4 Qh5
16.Qd3 Be7 17.g4 Qh4 18.Bg2 O-O 19.c4 h5 20.Bg3 Qg5 21.f4 Qg6 22.g5 Ne8
23.Qxg6 fxg6 24.Rd7 Rc7 25.Rad1 Rxd7 26.Rxd7 Rf7 27.Bf2 Bc5 28.Rd8 Bxf2+
29.Kxf2 Kf8 30.Ke3 Rc7 31.c5 Ke7 32.Rb8 Rd7 33.Be4 Kf7 34.Ke2 Re7 35.Kd3 Nc7
36.Rxb7 Nd5 37.Rb8 Nxf4+ 38.Kc4 Rc7 39.h4 Nd5 40.a4 Ne3+ 41.Kd4 Nf5+ 42.Ke5
Ke7 43.Rg8 Kf7 44.Rd8 a6 45.Ra8 Ne3 46.Rxa6 Nd5 47.Bxd5 exd5 48.b5 Re7+ 49.Kd4
Re4+ 50.Kd3 cxb5 51.axb5 Rc4 52.Rc6 Rxh4 53.b6 Rb4 54.Rc7+ Ke6 55.b7 h4
56.Rc6+ {#r} 1-0

[Event "Nakhchivan Open 2017"]
[Site "Nakhchivan AZE"]
[Date "2017.05.10"]
[Round "8.6"]
[White "Iskandarov,M"]
[Black "Gasanov,E"]
[Result "1-0"]
[WhiteElo "2444"]
[BlackElo "2484"]

1.Nf3 Nf6 2.c4 b6 3.g3 c5 4.Bg2 Bb7 5.O-O e6 6.Nc3 Be7 7.Re1 d5 8.cxd5 Nxd5
9.d4 cxd4 10.Qxd4 Bf6 11.Qg4 Nxc3 12.bxc3 O-O 13.Ba3 Re8 14.Red1 Qc8 15.Nd2
Bxg2 16.Kxg2 Nd7 17.Ne4 Be7 18.Bxe7 Rxe7 19.Rd6 Nc5 20.Nf6+ Kh8 21.Qh4 h6
22.Rad1 Qf8 23.Nh5 Rc8 24.f3 Kg8 25.Qg4 Kh8 26.h4 Kh7 27.Qd4 Nb7 28.Rd7 Rxd7
29.Qxd7 Rd8 30.Qa4 Rxd1 31.Qxd1 Nc5 32.Qd4 f6 33.g4 Qf7 34.Qd6 g6 35.Nf4 h5
36.g5 Kg7 37.Nh3 Qf8 38.gxf6+ Qxf6 39.Ng5 Kh6 40.Qc7 Qg7 41.Nf7+ Kh7 42.Ng5+
Kh6 43.Qc8 e5 44.Qe8 Nb7 45.Qe6 Nc5 46.Qd6 Nb7 47.Qd5 Nc5 48.c4 Na4 49.Ne6 Qf6
50.Qd2+ Kh7 51.Qd7+ Kg8 52.Qe8+ {#r} 1-0

[Event "Asian Juniors 2017"]
[Site "Shiraz IRI"]
[Date "2017.05.10"]
[Round "9.1"]
[White "Mosadeghpour,Masoud"]
[Black "Taalaibekov,Tagir"]
[Result "1-0"]
[WhiteElo "2444"]
[BlackElo "2213"]

1.e4 e6 2.d4 d5 3.Nd2 c5 4.Ngf3 Nc6 5.exd5 exd5 6.Bb5 Bd6 7.dxc5 Bxc5 8.O-O
Ne7 9.Re1 O-O 10.Nb3 Bd6 11.h3 Qc7 12.c3 Bf5 13.Bd3 Bg6 14.Nbd4 a6 15.Bxg6
hxg6 16.Qd3 Rfe8 17.Bg5 f6 18.Nxc6 bxc6 19.Bd2 Be5 20.Re2 Kf7 21.Rae1 Bf4
22.Bxf4 Qxf4 23.Nd4 c5 24.Nc6 Nxc6 25.Qxd5+ Kf8 26.Qxc5+ Kf7 27.Qd5+ Kf8
28.Qc5+ Kf7 29.Qxc6 {#r} 1-0

[Event "Lviv Rapid Cup 2017"]
[Site "Lviv UKR"]
[Date "2017.05.09"]
[Round "10.11"]
[White "Sergeev,Vl"]
[Black "Vovk,Or"]
[Result "1-0"]
[WhiteElo "2444"]
[BlackElo "2279"]

1.g3 Nc6 2.Bg2 b6 3.d4 Bb7 4.Nf3 e6 5.c4 f5 6.d5 Nce7 7.Nc3 Nf6 8.O-O Ng6
9.Nd4 Bc5 10.dxe6 Bxg2 11.Kxg2 Bxd4 12.Qxd4 dxe6 13.Qxd8+ Kxd8 14.Rd1+ Kc8
15.Bg5 Rd8 16.e4 Rxd1 17.Rxd1 Nxe4 18.Nxe4 fxe4 19.Rd4 e5 20.Rd1 h6 21.Be3 Nf8
22.Rd5 Nd7 23.h4 Nf6 24.Rxe5 Kd7 25.Bd4 Kd6 26.Kh3 c6 27.g4 c5 28.Bc3 Rf8
29.Kg3 g6 30.a3 h5 31.gxh5 Nxh5+ 32.Kg2 Nf4+ 33.Kf1 Nd3 34.Rg5 Rxf2+ 35.Kg1 e3
36.Rxg6+ Ke7 37.Rg3 Re2 38.h5 {#r} 1-0

[Event "Lviv Rapid Cup 2017"]
[Site "Lviv UKR"]
[Date "2017.05.09"]
[Round "12.6"]
[White "Sergeev,Vl"]
[Black "Razin,V"]
[Result "0-1"]
[WhiteElo "2444"]
[BlackElo "2354"]

1.d4 d5 2.Bf4 Nf6 3.Nf3 c5 4.e3 Nc6 5.c3 Qb6 6.Qc2 Bg4 7.Nbd2 e6 8.h3 Bf5
9.Qb3 c4 10.Qxb6 axb6 11.g4 Bg6 12.a3 h6 13.Ne5 Nxe5 14.Bxe5 b5 15.Bxf6 gxf6
16.Rc1 h5 17.Bg2 hxg4 18.hxg4 Rxh1+ 19.Bxh1 Bh6 20.f4 Kd7 21.Kf2 Kd6 22.Kg3
Rg8 23.Bf3 Bd3 24.Rh1 Bf8 25.Kf2 Be7 26.Rh6 Bf8 27.Rh5 Be7 28.Rh1 e5 29.Rh5 e4
30.Bd1 Ra8 31.Rh6 b4 32.cxb4 c3 33.bxc3 Rxa3 34.Bb3 b5 35.Rh1 Bc4 36.Bxc4 bxc4
37.Rc1 Ra2 38.Ke2 Kc6 39.Kd1 Kb5 40.Rc2 Ra1+ 41.Rc1 Ra2 42.Rc2 Ra1+ 43.Rc1 Ra8
44.Kc2 Ra2+ 45.Kd1 Bd6 46.Rc2 Ra1+ 47.Rc1 Ra8 48.Kc2 Ra2+ 49.Kd1 Bc7 50.Rc2
Ra1+ 51.Rc1 Ra8 52.Rc2 Ra1+ 53.Rc1 Ra2 54.Rc2 Ra8 55.Rc1 Rg8 56.Ra1 Rxg4
57.Ra7 Kb6 58.Ra5 Kc6 59.Rc5+ Kd6 60.b5 Rg1+ 61.Kc2 Re1 62.Rc6+ Kd7 63.Rxf6
Rxe3 64.b6 Bb8 65.Rxf7+ Kc6 66.Rf8 Kb7 67.f5 Re2 68.Kd1 Rh2 69.f6 e3 70.Nf3
e2+ 71.Kc1 Bf4+ 72.Kb1 Rf2 73.Ne1 Rf1 74.Re8 Rxe1+ 75.Ka2 Rd1 76.f7 Rd2+
77.Ka3 Bd6+ {#R} 0-1

[Event "Lviv Rapid Cup 2017"]
[Site "Lviv UKR"]
[Date "2017.05.09"]
[Round "13.9"]
[White "Sergeev,Vl"]
[Black "Bakhmatsky,Vladislav"]
[Result "0-1"]
[WhiteElo "2444"]
[BlackElo "2454"]

1.d4 Nf6 2.Nf3 g6 3.Bg5 Bg7 4.Nbd2 d5 5.e3 O-O 6.Be2 b6 7.O-O Bb7 8.b4 Nbd7
9.Rb1 Re8 10.c4 e5 11.Qb3 exd4 12.Nxd4 dxc4 13.Nxc4 Ne5 14.Nxe5 Rxe5 15.Bf3
Bxf3 16.Nxf3 Rd5 17.Rfd1 h6 18.Bh4 g5 19.Bg3 Rc8 20.Be5 c5 21.bxc5 Rcxc5 22.h3
Ne4 23.Bxg7 Kxg7 24.Rxd5 Qxd5 25.Qb2+ Kg8 26.Nd4 Nc3 27.Ra1 Qc4 28.a3 Ne4
29.Qb1 Qc3 30.Qf1 Nd2 31.Qd1 Ne4 32.Rb1 Qxa3 33.Nb5 Qa2 34.Qf1 Rc2 35.Ra1 Qd5
36.Rd1 Qf5 37.f3 Ng3 38.Qd3 Qxd3 39.Rxd3 a6 40.Nd4 Ne2+ 41.Nxe2 Rxe2 42.Rd6
Rb2 43.Rxh6 a5 44.h4 a4 45.Rc6 a3 46.Rc8+ Kg7 47.Ra8 a2 48.Kh2 gxh4 49.Kh3 b5
50.f4 b4 51.e4 b3 52.e5 Rb1 53.f5 a1=Q 54.f6+ Kg6 {#R} 0-1

[Event "German Int Juniors 2017"]
[Site "Stroebeck GER"]
[Date "2017.05.12"]
[Round "2.1"]
[White "Yankelevich,L"]
[Black "Heinemann,Josefine"]
[Result "1-0"]
[WhiteElo "2447"]
[BlackElo "2244"]
[EventType "k.o."]

1.d4 d5 2.c4 c6 3.Nf3 Nf6 4.Nc3 dxc4 5.a4 Bf5 6.e3 e6 7.Bxc4 Bb4 8.O-O O-O
9.Qe2 Nbd7 10.e4 Bg6 11.Bd3 Bh5 12.e5 Nd5 13.Nxd5 cxd5 14.Qe3 Be7 15.Ng5 Bxg5
16.Qxg5 Qxg5 17.Bxg5 Nb8 18.Rfc1 Nc6 19.Be3 Rfc8 20.Bb5 Nb4 21.Bd7 Rxc1+
22.Rxc1 Nd3 23.Rc2 Bg6 24.Rc7 Nxb2 25.Rxb7 Nc4 26.Bg5 Bc2 27.h4 h6 28.Be7 Nb6
29.a5 Nxd7 30.Rxd7 h5 31.Rb7 a6 32.Bc5 Ba4 33.Kh2 Be8 34.Kg3 Kh7 35.Bd6 Rc8
36.Ra7 Rc6 37.Bc5 Kg6 38.Kf4 Kh6 39.Ra8 Bd7 40.Rh8+ Kg6 41.g4 f6 42.gxh5+ Kf7
43.Rf8# 1-0

[Event "German Int Juniors 2017"]
[Site "Stroebeck GER"]
[Date "2017.05.11"]
[Round "1.1"]
[White "Yankelevich,L"]
[Black "Riess,Alexander"]
[Result "1-0"]
[WhiteElo "2447"]
[BlackElo "2224"]
[EventType "k.o."]

1.Nf3 Nf6 2.c4 g6 3.Nc3 d5 4.d4 Bg7 5.cxd5 Nxd5 6.e4 Nxc3 7.bxc3 c5 8.Be3 Qa5
9.Qd2 Nc6 10.Rb1 a6 11.Rc1 cxd4 12.cxd4 Qxd2+ 13.Kxd2 e6 14.h4 h6 15.d5 exd5
16.exd5 Ne5 17.Nxe5 Bxe5 18.Re1 Kd7 19.Bxh6 Kd6 20.Rxe5 Rxh6 21.f4 Bg4 22.Bc4
b5 23.Bb3 a5 24.a3 Bd7 25.g3 f6 26.Ree1 Rah8 27.Rhf1 R6h7 28.Re3 Rb8 29.Ra1
Rg8 30.Rf1 Rb8 31.Bc2 Rg7 32.Be4 b4 33.Rb1 Rb5 34.Bd3 Rb7 35.axb4 Rxb4 36.Rxb4
axb4 37.Re4 Bf5 38.Rxb4 Bxd3 39.Kxd3 Kxd5 40.Rb6 Ra7 41.Ke3 Rf7 42.Kf3 Rf8
43.Ra6 Kd4 44.f5 gxf5 45.Kf4 Rg8 46.Rd6+ Kc5 47.Rxf6 {#r} 1-0

[Event "Nakhchivan Open 2017"]
[Site "Nakhchivan AZE"]
[Date "2017.05.09"]
[Round "7.8"]
[White "Erdogdu,M"]
[Black "Agayev,N"]
[Result "1-0"]
[WhiteElo "2448"]
[BlackElo "2347"]

1.c4 Nf6 2.Nc3 c5 3.g3 Nc6 4.Bg2 b6 5.Nf3 Bb7 6.O-O g6 7.a3 Bg7 8.Rb1 d5 9.d4
O-O 10.cxd5 Nxd4 11.e4 e6 12.Nxd4 cxd4 13.Nb5 e5 14.f4 Re8 15.fxe5 Rxe5
16.Qxd4 Nxe4 17.Bxe4 a6 18.Nc3 Rxd5 19.Qf2 Bd4 20.Be3 Bxe3 21.Qxe3 Re5 22.Qf4
Qd4+ 23.Rf2 Bxe4 24.Rd1 Qxd1+ 25.Nxd1 Re7 26.Re2 Rae8 27.Nc3 f5 28.h4 Re6
29.Kf2 b5 30.h5 gxh5 31.Qg5+ Rg6 32.Qxh5 Re7 33.Nxe4 fxe4 34.Qd5+ Rf7+ 35.Kg2
Rg4 36.Rf2 {#r} 1-0

[Event "German Int Juniors 2017"]
[Site "Stroebeck GER"]
[Date "2017.05.12"]
[Round "1.2"]
[White "Sondergaard,Jesper Thybo"]
[Black "Fieberg,Samuel"]
[Result "1-0"]
[WhiteElo "2449"]
[BlackElo "2221"]
[EventType "k.o."]

1.d4 d5 2.Nf3 Nf6 3.c4 c6 4.Nbd2 e6 5.g3 Nbd7 6.Bg2 Bd6 7.O-O O-O 8.Qc2 Qc7
9.e4 dxe4 10.Nxe4 Nxe4 11.Qxe4 c5 12.dxc5 Nxc5 13.Qe2 a5 14.b3 e5 15.Rd1 Re8
16.Ba3 Bf8 17.Nd4 Bd7 18.Nb5 Bxb5 19.cxb5 Rad8 20.Bb2 f6 21.h4 Rxd1+ 22.Rxd1
Rd8 23.Rd5 Kh8 24.Qd2 Rxd5 25.Qxd5 Qd6 26.Qxd6 Bxd6 27.b6 Nd7 28.Bxb7 Nxb6
29.a3 Kg8 30.Bc3 Bxa3 31.Bxa5 Bc5 32.Kf1 Kf7 33.Ke2 Ke6 34.h5 g6 35.h6 Kd6
36.g4 Kc7 37.Be4 Bf8 38.Bd2 Nc8 39.Kd3 Nd6 40.Bd5 g5 41.Bg8 Bxh6 42.Bxh7 Bf8
43.Be4 Be7 44.Bd5 Nb5 45.b4 Nd4 46.Kc4 Kb6 47.Bf7 Bd6 48.Be8 Be7 49.Kd5 Bf8
50.Bg6 Be7 51.Bd3 Bf8 52.Kc4 Be7 53.Be3 Bf8 54.b5 Be7 55.Kd5 Bf8 56.Kc4 Be7
57.Bg6 Bf8 58.Be8 Be7 59.Bd2 Nc2 60.Kb3 Nd4+ 61.Ka4 Ne6 62.Ba5+ Ka7 63.b6+ Ka6
64.Bb5+ Kb7 65.Bc4 Nd4 66.Bd5+ Ka6 67.b7 Bd6 68.Bb4 Bc7 69.Be4 f5 70.gxf5 Nxf5
71.Bxf5 Kxb7 72.Kb5 Bd8 73.Be4+ Kc8 74.Kc6 Bf6 75.Ba5 Kb8 76.Bc7+ Ka7 77.f3
Be7 78.Bxe5 Ba3 79.Bd3 Bc1 80.Bf5 Be3 81.Bd3 Bf2 82.Bd6 Be1 83.Bc5+ Kb8 84.Be3
Bh4 85.Bf5 Ka8 86.Kc7 Bg3+ 87.Kc8 Bf4 {#r} 1-0

[Event "German Int Juniors 2017"]
[Site "Stroebeck GER"]
[Date "2017.05.12"]
[Round "2.1"]
[White "Sondergaard,Jesper Thybo"]
[Black "Grigorian,Sp"]
[Result "1-0"]
[WhiteElo "2449"]
[BlackElo "2341"]
[EventType "k.o."]

1.d4 Nf6 2.c4 e6 3.Nf3 d5 4.g3 Be7 5.Bg2 O-O 6.O-O dxc4 7.Qc2 a6 8.a4 Bd7
9.Rd1 Bc6 10.Nc3 Bxf3 11.Bxf3 Nc6 12.Bxc6 bxc6 13.a5 Rb8 14.Ra4 Rb4 15.Na2
Rxa4 16.Qxa4 Qd5 17.Nc3 Qh5 18.Qxc6 Qxa5 19.Qxc4 Rd8 20.e4 Bb4 21.e5 Nd5
22.Bg5 Rc8 23.Nxd5 exd5 24.Qc6 Qb5 25.Rc1 Qxc6 26.Rxc6 a5 27.h4 Kf8 28.h5 h6
29.Be3 Ke7 30.f4 Kd7 31.Ra6 Re8 32.f5 Kc8 33.Ra8+ Kd7 34.Rxe8 Kxe8 35.f6 Kf8
36.Kf2 Kg8 37.g4 Kh7 38.Kf3 g5 39.Ke2 Kg8 40.Bd2 Bxd2 41.Kxd2 Kf8 42.Kc3 Ke8
43.Kb3 Kd7 44.Ka4 Ke6 45.Kxa5 Kd7 46.Kb5 Ke6 47.Kc5 c6 48.b4 Kd7 49.b5 Ke6
50.b6 {#r} 1-0

[Event "16th Asian Continental w"]
[Site "Chengdu CHN"]
[Date "2017.05.15"]
[Round "4.5"]
[White "Khademalsharieh,S"]
[Black "Ren,Xiaoyi"]
[Result "0-1"]
[WhiteElo "2450"]
[BlackElo "2257"]

1.d4 d5 2.c4 c6 3.Nf3 Nf6 4.Qb3 dxc4 5.Qxc4 Bf5 6.g3 e6 7.Bg2 Nbd7 8.O-O Bd6
9.e3 O-O 10.Nc3 e5 11.dxe5 Nxe5 12.Nxe5 Bxe5 13.e4 Bxc3 14.bxc3 Be6 15.Qe2 Qa5
16.Qc2 Bc4 17.Re1 Rad8 18.Qb2 Rfe8 19.Bf4 Ba6 20.Qb4 Qh5 21.h3 Qg6 22.Rad1 h6
23.Rxd8 Rxd8 24.Qc5 Nh5 25.Bc7 Rd2 26.Qxa7 Rxa2 27.Qd4 Qe6 28.e5 Nf6 29.Bf3
Nd5 30.Bd6 Ne7 31.Bg4 Nf5 32.Qf4 g6 33.Bc5 h5 34.Bf3 Ng7 35.Kg2 Qc4 36.Qxc4
Bxc4 37.Rb1 Ne6 38.Be3 Ba6 39.Be4 Ra5 40.f4 Ra2+ 41.Bf2 Nc5 42.Rb4 Bd3 43.Bf3
Bf5 {#R} 0-1

[Event "Lviv Rapid Cup 2017"]
[Site "Lviv UKR"]
[Date "2017.05.09"]
[Round "12.10"]
[White "Bakhmatsky,Vladislav"]
[Black "Sumets,A"]
[Result "1-0"]
[WhiteElo "2454"]
[BlackElo "2566"]

1.e4 e6 2.d4 d5 3.Nd2 dxe4 4.Nxe4 Nd7 5.Nf3 Ngf6 6.Nxf6+ Nxf6 7.Bd3 c5 8.Be3
Qc7 9.Qe2 Be7 10.O-O-O O-O 11.dxc5 Nd5 12.Bd4 Nf4 13.Qe5 Qxe5 14.Bxe5 Nxd3+
15.Rxd3 Bxc5 16.Bd6 Bxd6 17.Rxd6 b6 18.Ne5 Bb7 19.f3 f6 20.Nc4 Rac8 21.Ne3 Rc6
22.Rhd1 Rxd6 23.Rxd6 Bc8 24.Rc6 e5 25.Rc7 a6 26.Nd5 Be6 27.Nxb6 Rd8 28.Na4 Rd6
29.Nc5 Bf5 30.b4 h5 31.a4 h4 32.h3 g5 33.Ra7 Rd4 34.c3 Rc4 35.Kd2 e4 36.fxe4
Bxe4 37.Nxe4 Rxe4 38.Rxa6 Rf4 39.Ke3 {#r} 1-0

[Event "Zahoracky GM 2017"]
[Site "Senica SVK"]
[Date "2017.05.14"]
[Round "9.3"]
[White "Pechac,Jergus"]
[Black "Mazur,Ste"]
[Result "1-0"]
[WhiteElo "2455"]
[BlackElo "2459"]

1.Nf3 Nf6 2.d4 g6 3.Bf4 Bg7 4.c3 b6 5.h3 Ba6 6.Nbd2 O-O 7.e4 Bxf1 8.Kxf1 d5
9.e5 Ne8 10.Qe2 Qc8 11.Qe3 c5 12.Bh6 Nc6 13.a3 cxd4 14.cxd4 Bxh6 15.Qxh6 f6
16.Re1 Ng7 17.g4 Ne6 18.h4 f5 19.h5 g5 20.Nxg5 Nxg5 21.Qxg5+ Kh8 22.Nf3 Qa6+
23.Kg2 Rg8 24.Qxf5 Raf8 25.Qd7 Qd3 26.Re3 Qc2 27.Rf1 Rf4 28.Kg3 Rgf8 29.Qxd5
Nd8 30.e6 Nc6 31.Ng5 Rxf2 32.Rf3 Rxf1 33.Nf7+ Rxf7 34.exf7 Rg1+ 35.Kh4 Qh2+
36.Kg5 Qd2+ 37.Rf4 h6+ 38.Kf5 e6+ 39.Qxe6 Nxd4+ 40.Kg6 Nxe6 41.f8=R+ Nxf8+
42.Rxf8# 1-0

[Event "German Club Cup Final"]
[Site "Dresden GER"]
[Date "2017.05.14"]
[Round "2.2"]
[White "Trent,L"]
[Black "Neef,M"]
[Result "0-1"]
[WhiteElo "2455"]
[BlackElo "2436"]

1.e4 e6 2.d4 d5 3.Nd2 c5 4.Ngf3 a6 5.exd5 exd5 6.Bd3 c4 7.Be2 Bd6 8.b3 cxb3
9.axb3 Ne7 10.O-O Nbc6 11.c3 O-O 12.b4 Bg4 13.Nb3 Re8 14.Bd3 h6 15.h3 Bh5
16.g4 Bg6 17.Nh4 Bxd3 18.Qxd3 a5 19.b5 Nb8 20.f4 Nd7 21.g5 hxg5 22.fxg5 a4
23.Nd2 Ng6 24.Qf5 Kh7 25.Qg4 Ndf8 26.Nf5 Kg8 27.c4 Bb4 28.c5 Qd7 29.Qf3 Ne6
30.c6 bxc6 31.bxc6 Qc7 32.Qxd5 Rad8 33.Qc4 Bxd2 34.Bxd2 Nxd4 35.Ba5 Qxa5 36.c7
Ne2+ 37.Kh1 Rc8 38.Nh6+ Kh7 39.Rxf7 Qxg5 40.Ng4 Ng3+ 41.Kg1 Ne5 42.Qc2+ Kh8
43.Rf2 Nxg4 44.hxg4 Qxg4 45.Rb1 Ne2+ 46.Kh1 Ng3+ 47.Kg1 Re5 48.Qd3 Ne2+ 49.Kh1
Rh5+ 50.Rh2 Rxh2+ 51.Kxh2 Qh4+ {#R} 0-1

[Event "Zahoracky GM 2017"]
[Site "Senica SVK"]
[Date "2017.05.12"]
[Round "7.4"]
[White "Pechac,Jergus"]
[Black "Jablonicky,Martin"]
[Result "1-0"]
[WhiteElo "2455"]
[BlackElo "2296"]

1.d4 Nf6 2.Nf3 g6 3.Nbd2 d5 4.e3 Bg7 5.b4 a5 6.b5 O-O 7.Ba3 Nbd7 8.Be2 Re8
9.O-O e5 10.c4 Ne4 11.Rc1 Nxd2 12.Qxd2 dxc4 13.Bxc4 Nb6 14.dxe5 Qxd2 15.Nxd2
Bxe5 16.Rfd1 Bd7 17.Be2 Be6 18.Nf3 Bd6 19.Bxd6 cxd6 20.Rxd6 Nd5 21.Nd4 Rac8
22.Rxc8 Rxc8 23.Nxe6 Rc1+ 24.Bf1 fxe6 25.g3 Nc3 26.Kg2 Nxa2 27.Rd8+ Kf7
28.Rd7+ Kf6 29.Rxb7 a4 30.Rxh7 Nc3 31.Ra7 Rb1 32.Ra6 Rb4 33.Rc6 Nd5 34.Bc4
{#r} 1-0